000 00570cam a22002052 4500
001 0000023796
005 20151217155234.0
008 130326s xx 000 0 eng d
020 _a1901362094 :
040 _aKABU
_cKABU
100 1 _aCane, Peter.
_@0000179693
245 1 4 _aThe Anatomy of tort law /
_cPeter Cane.
250 _a1st ed.
260 _aOxford :
_bHart,
_c1997.
300 _axviii, 243 p.
650 0 _aTorts
_zGreat Britain.
_@0000160147
852 1 _9p4495 KES
908 _a130326
950 _@1
999 _c12207
_d12207